03077cam a22004095a 45000010009000000050017000090070009000260080041000350200025000760400038001010820024001392450209001632500012003722600048003843000041004325000098004735000075005715000024006465040041006705201319007116500035020306500042020656500049021076510010021566530033021667000033021997000034022327000044022667000043023107000045023539420017023989990017024153360026024323370028024583380027024869520154025131726334020240818093000.0ad cafaa120419s2012 enka frb 001 0 eng d a9780123813619 (hbk.) aNLMbengcNLMdEG-ScBUEdEG-ScBUE04a571.310222bCOM22200aComparative anatomy and histology :ba mouse and human atlas /ceditors Piper M. Treuting, Suzanne M. Dintzis ; associate editors, Charles W. Frevert, Denny Liggitt ; technical editor Kathleen S. Montine. a1st ed. aLondon :bAcademic Press / Elsevier,c2012. axii, 461 p. :bill. (col.) ;c28 cm. aActivation instructions at the base of the inside front cover to access the full text online. a"Searchable full text online, Activat at (expertconsult.com)" -- cover aIndex : p. 457-461. aIncludes bibliographical references. aComparative Anatomy and Histology: A Mouse and Human Atlas is aimed at the new mouse investigator as well as medical and veterinary pathologists who need to expand their knowledge base into comparative anatomy and histology. It guides the reader through normal mouse anatomy and histology using direct comparison to the human. The side by side comparison of mouse and human tissues highlight the unique biology of the mouse, which has great impact on the validation of mouse models of human disease. Print + Electronic product - E-book available on Elsevier's Expert Consult platform- through a scratch-off pin code inside the print book, customers will be able to access the full text online, perform quick searches, and download images at expertconsult.com Offers the first comprehensive source for comparing human and mouse anatomy and histology through over 600 full-color images, in one reference work Experts from both human and veterinary fields take readers through each organ system in a side-by-side comparative approach to anatomy and histology - human Netter anatomy images along with Netter-style mouse images Enables human and veterinary pathologists to examine tissue samples with greater accuracy and confidence Teaches biomedical researchers to examine the histologic changes in their mutant mice. 0aMicexAnatomyvAtlases.2BUEsh 0aAnatomy, ComparativevAtlases.2BUEsh 0aHumansxanatomy & histologyvAtlases.2BUEsh 2BUEsh bPPhrmcJuly2015cJanuary20161 aTreuting, Piper M.,eeditor.1 aDintzis, Suzanne M.,eeditor.1 aFrevert, Charles W.,eassociate editor.1 aLiggitt, H. Denny.,eassociate editor.1 aMontine, Kathleen S.,etechnical editor. 2ddchRDA-MOD c20200d20172 2rdacontentatextbtxt aunmediated2rdamediabn avolumebnc2rdacarrier 00102ddc40708BaccahaMAINbMAINc0THd2015-07-05ePurchaseg1211.00h22696l0o571.310222 COMp000039404r2025-07-15 00:00:00v1514.00yREFERENCE